Studies in Indian Art/ (Record no. 210142)

MARC details
000 -LEADER
fixed length control field 00661 a2200205 4500
005 - DATE AND TIME OF LATEST TRANSACTION
control field 20250306164834.0
010 ## - LCCN (DPL NO)
LC control number ENG-143946
020 ## - INTERNATIONAL STANDARD BOOK NUMBER
International Standard Book Number 9789394914032
Terms of availability 750.00
035 ## - SYSTEM CONTROL NUMBER
System control number EN-127478
037 ## - SOURCE OF ACQUISITION
Source of stock number/acquisition DBAD
082 14 - DEWEY DECIMAL CLASSIFICATION NUMBER
Classification number 701.170820954
100 1# - MAIN ENTRY--PERSONAL NAME
Personal name Agrawal, V.S.
245 1# - TITLE STATEMENT
Title Studies in Indian Art/
Statement of responsibility, etc by V.S. Agrawal
250 ## - EDITION STATEMENT
Edition statement 3
260 ## - PUBLICATION, DISTRIBUTION, ETC. (IMPRINT)
Place of publication, distribution, etc Varanasi
Name of publisher, distributor, etc Vishwavidyalaya Prakashan
Date of publication, distribution, etc 2023
270 ## - ADDRESS
Address Chowk,
City Varanasi
State or province Varanasi
Postal code 221001
Telephone number 0542-2413082, 2413741
Electronic mail address www.vvpbooks.com
300 ## - PHYSICAL DESCRIPTION
Extent xiv,288p.;
Dimensions 25 cm. (Hb)
500 ## - GENERAL NOTE
General note Includes bibliographical references & index.
942 ## - ADDED ENTRY ELEMENTS (KOHA)
Institution code [OBSOLETE] dpl
Item type English Books
Source of classification or shelving scheme Dewey Decimal Classification
Classification part 701.170820954
Call number suffix AGR
Holdings
Withdrawn status Lost status Not for loan Collection code Home library Current library Date acquired Source of acquisition Cost, normal purchase price Full call number Barcode Copy number Cost, replacement price Koha item type
      Non-fiction Central Jail Tihar Central Jail Tihar 06/03/2025 Delivery of Books Act Division 750.00 701.170820954 AGR EN-127478 1 750.00 English Books

© Delhi Public Library
Hit Counter
free hit counter